Datum a čas kvízu
30
Celkem bodů
Celkový počet nahraných bodů na tomto kvízu bez doplňovacích otázek.
5.
Pořadí na kvízu
Konečné umístění týmu na tomto kvízu.
Zaznamenané odpovědi
| # | Otázka | Odpověď | Body | Výsledky |
|---|---|---|---|---|
| 1. | Premiér Fiala ve čtvrtek podep... | o Vatikán | 0 | |
| 2. | Minulý týden se konal mítink D... | Barack Obama, Eminem | 0.5 | |
| 3. | Český film režiséra Petra Slav... | Tancuj Matyldo | 0 | |
| 4. | Na numismatické aukci v Praze... | Vladislav (II.) Jagellonský | 1 | |
| 5. | Český hokejový brankář Vítek V... | Vanacek | 0 | |
| 6. | Vzhledem ke končící bohaté hou... | třeň, pochva | 1 | |
| 7. | Uveďte rodové jméno tohoto ptá... | brhlík | 0 | |
| 8. | Při nocování v lese jste už mo... | liška | 0 | |
| 9. | Jak se u jelenovitých označuje... | vytloukání | 0 | |
| 10. | Na jaře se řada lidí vydává do... | konvalinka; ocún | 0.5 |